| 000 | 00942nam0a22003011 4500 | ||
|---|---|---|---|
| 001 | RU\NLR\INFOCOMM5\ROSSICA\1000306925 | ||
| 005 | 20250613193934.0 | ||
| 035 | _a(NLR Aleph) 009982974 | ||
| 090 |
_a9703646 _c9703646 |
||
| 100 | _a20030909d1914 |||y0rusy50 ca | ||
| 101 | 0 | _ager | |
| 102 | _aRU | ||
| 105 | _aa ||||000ay | ||
| 200 | 1 |
_aBeschreibung der wichtigsten Lokalformen der gattung Didacna Eihw-aus dem Postpliozän der Halbinsel Apscheron _fD.Naliwkin & A.Anissimow |
|
| 210 |
_aПетроградъ _d1914 |
||
| 215 |
_cтабл. _d4° |
||
| 225 | 1 |
_aТруды Геологического Комитета _iНов.серия _vВып.117-1914 |
|
| 300 | _aMit 2 Tafeln | ||
| 700 | 1 |
_aNaliwkin _bD. _4070 |
|
| 701 | 1 |
_aAnissimow _bA. _4070 |
|
| 801 | 1 |
_aRU _bInfoComm _c20030909 |
|
| 801 | 0 |
_aRU _bNLR _gPSBO |
|
| 852 |
_aNLR _jП8/184 |
||
| 942 | _cBOOK | ||
| 980 | _aNB | ||
| 980 | _aRossica | ||